Responses for Show #4859 - Thursday, October 27, 2005

Contestants

[<< previous game]

Jennifer Furlong, an account manager from Brighton, Massachusetts

Joey Bland, an actor and improviser from Chicago, Illinois

Jeff Pandin, a history teacher from Alexandria, Virginia (whose 1-day cash winnings total $18,000)

[next game >>]

Jeopardy! Round responses

THE SPANISH-AMERICAN WAR
MOB HITS
GETTING MALL-ED
THE SMALLEST IN AREA
HELLO, POTPOURRI
3-M
    $200 1
the Maine

Jeff
    $200 6
The Sopranos

Jennifer
    $200 26
Starbucks

Joey
    $200 21
Luxembourg

Jeff
    $200 16
deli

Jeff
    $200 11
maximum

Triple Stumper
    $400 2
the Philippines

Joey
    $400 7
Fat Tony

Joey
    $400 27
The Gap

Joey
    $400 22
El Salvador

Jeff
    $400 17
(Alex: I hope you're picking up on our theme...)

Dooley

Triple Stumper
    $400 12
a mammoth

Joey
    $600 3
Remington

Joey
    $600 8
The Godfather

Jennifer
    $600 28
Pottery Barn

Jennifer
    $600 23
(Jennifer: What is Macedonia?)

Slovenia

JeffJennifer
    $600 18
(Jennifer: Who is Mary Lincoln?)

Dolley Madison

JeffJennifer
    $600 13
"Summertime"

Joey
    $1,000 4
Guam

Joey
    $800 9
Analyze This

Joey
    $800 29
Banana Republic

Joey
    $800 24
Qatar

Joey
    $800 19
doily

Jeff
    $800 14
Mummers

Jeff
    $1000 5
Kettle Hill

Triple Stumper
    $1000 10
(Alex: Yes, Joe Pesci was great.)

Goodfellas

Joey
    $1000 30
Crabtree & Evelyn

Triple Stumper
    $1000 25
Zimbabwe

Jeff
    $1000 20
(Alex: Did you enjoy that?)
(Jeff: Oh, that was fun.)
(Alex: Good. Get us out--get us out of there.)

dolphin

Triple Stumper
    $1000 15
(Jeff: What is memorialize?)

commemorate

Jeff
Triple Stumper

Scores at the first commercial break (after clue 15):

Jeff Joey Jennifer
$0 $5,200 $800

Scores at the end of the Jeopardy! Round:

Jeff Joey Jennifer
$3,800 $7,400 $200

Double Jeopardy! Round responses

ARCHITECTS
TV CARTOON POOCHES
MAA (military acronyms & abbreviations)
(Alex: ...and there are a lot of those.)
STAMPS
WHERE THERE'S A WILL
THERE'S A "WAY"
    $400 24
Frank Lloyd Wright

Jeff
    $400 1
Underdog

Joey
    $400 14
Chairman of the Joint Chiefs of Staff

Joey
    $400 19
(Joey: What is Somewhere [*]?)
(Alex: We'll give you that.)

"Over The Rainbow"

Joey
    $400 6
William Tell

Jeff
    $400 7
wayfarer

Jeff
    $800 25
(I.M.) Pei

Joey
    $800 2
Astro

Joey
    $800 15
defense condition

Jeff
    $800 20
the World War II Memorial

Jeff
    $800 12
Naked Lunch

Triple Stumper
    $800 8
Waylon Jennings

Joey
    $1200 28
the Bauhaus

Joey
    $1200 3
(Jennifer: What is Scooby-Doo?)

Huckleberry Hound

JoeyJennifer
    $1200 16
Australia, New Zealand, & the United States

Jeff
    $1200 21
(Martha) Graham (or Agnes de Mille)

Joey
    $1200 13
William Wordsworth

Triple Stumper
    $1200 9
A Funny Thing Happened on the Way to the Forum

Joey
    $2,000 27
(Joey: Who is Corbusier?)

Mies van der Rohe

Joey
    $1600 4
Tom Terrific

Triple Stumper
    $1600 17
strategic nuclear weapon

Jeff
    $1600 22
Robert Penn Warren

Joey
    $3,000 26
(William) Golding

Joey
    $1600 10
the Battle of Midway

Joey
    $2000 29
Brazil

Triple Stumper
    $2000 5
Chilly Willy

Jennifer
    $2000 18
(Jeff: What is the National Military Communications Center?)

National Military Command Center

Jeff
Triple Stumper
    $2000 23
genes

Jeff
    $2000 30
William Steig

Triple Stumper
    $2000 11
the Ways and Means Committee

Jeff

Scores at the end of the Double Jeopardy! Round:

Jeff Joey Jennifer
$11,400 $20,000 $1,000

[wagering suggestions for these scores]

Final Jeopardy! Round responses

18th CENTURY CORRESPONDENCE
JenniferWho was Abigail Adams?
$700
JeffWho was Abigail Adams?
$11,400
JoeyWho is Abigail Adams?
$7,000
Abigail Adams

Final scores:

Jeff Joey Jennifer
$22,800 $27,000 $1,700
2nd place: $2,000 New champion: $27,000 3rd place: $1,000

Game dynamics:

Coryat scores:

Jeff Joey Jennifer
$11,400 $20,400 $1,000
18 R,
2 W
25 R
(including 2 DDs),
1 W
(including 1 DD)
4 R,
3 W

Combined Coryat: $32,800

[game clues] [game scores] [suggest correction]

Game tape date: 2005-08-03
The J! Archive is created by fans, for fans. Scraping, republication, monetization, and malicious use prohibited; this site may use cookies and collect identifying information. See terms. The Jeopardy! game show and all elements thereof, including but not limited to copyright and trademark thereto, are the property of Jeopardy Productions, Inc. and are protected under law. This website is not affiliated with, sponsored by, or operated by Jeopardy Productions, Inc. Join the discussion at JBoard.tv.